Novelas ejemplares /

Guardado en:
Autor Principal: Cervantes Saavedra, Miguel
Formato: Libro
Publicado: Buenos Aires : La Estacion, 2013.
Series:Narrativa Española.
Materias:
Etiquetas: Agregar Etiqueta
Sin Etiquetas, Sea el primero en etiquetar este registro!
LEADER 00565nam a22001815a 4500
001 CEM.cems018680
005 20190408080033.0
008 130507s2013##################000#0#####d
003 CEMS
020 |a 9789871935131 
082 0 4 |a 863.4 
100 1 |a Cervantes Saavedra, Miguel 
245 1 0 |a Novelas ejemplares /  |c Miguel Cervantes Saavedra. 
260 |a Buenos Aires :  |b La Estacion,  |c 2013. 
300 |a 111p. ; 20cm. 
490 0 |a Narrativa Española. 
653 |a Literatura juvenil / literatura española. 
859 |a CEMS  |b BIB. CEMS - Agricultura  |h 863.4  |i C337  |p A3127.18  |t Ej.1